Plan de los 200 días lectivos del Ministerio de Educación Pública de Costa Rica: aplicación del debido proceso en los centros educativos /
Na minha lista:
| Autor principal: | |
|---|---|
| Formato: | Livro |
| Idioma: | Spanish |
| Publicado em: |
San José, Costa Rica :
INIE. MEP. Instituto de Desarrollo Profesional Uladislao Gámez Solano,
2012
|
| Assuntos: | |
| Tags: |
Adicionar Tag
Sem tags, seja o primeiro a adicionar uma tag!
|
MARC
| LEADER | 00000nam a2200000Ia 4500 | ||
|---|---|---|---|
| 008 | 171211b2012 cr ||||| |||| 00| | spa d | ||
| 999 | |c 1495 |d 1495 | ||
| 090 | |a 06.02.01 |b 2001 (2012) | ||
| 100 | 1 | 0 | |a Rodríguez Pérez, Víctor Hugo |9 3321 |
| 245 | 1 | 0 | |a Plan de los 200 días lectivos del Ministerio de Educación Pública de Costa Rica: aplicación del debido proceso en los centros educativos / |c Víctor Hugo Rodríguez Pérez, compilador |
| 260 | |a San José, Costa Rica : |b INIE. MEP. Instituto de Desarrollo Profesional Uladislao Gámez Solano, |c 2012 | ||
| 300 | |a 78 páginas | ||
| 650 | 1 | 4 | |a CAPACITACIÓN |9 729 |
| 650 | 1 | 4 | |a DOCENTES |9 331 |
| 942 | |i 00888 |h 06.02.01 2001 (2012) |2 z |c 04 | ||
